000 00626nam a2200157 a 4500
001 000027550
005 20200930030921.0
008 110401s1982 dr 000 0 spa d
040 _aDO-SdBNP
_bspa
_cBNPHU
245 0 0 _aManual de capacitación sindical para dirigentes y activistas de la cut /.
246 1 4 _aManual de capacitación sindical para dirigentes y activistas de la cut
260 _aSanto Domingo :
_bInstituto Laboral Mauricio Báez,
_c1982.
300 _a64 p. ;
_c21 cm.
500 _aRasgos históricos del movimiento sindical internacional y los orígenes del día internacional del trabajo
049 _aBNPD
999 _c27042
_d27042